New polymer technology for hydrogenated acrylonitrile-butadiene rubber (Record no. 63873)

MARC details
000 -LEADER
fixed length control field 00454nam a2200157Ia 4500
100 ## - MAIN ENTRY--AUTHOR NAME
Personal name Emori N
245 #0 - TITLE STATEMENT
Title New polymer technology for hydrogenated acrylonitrile-butadiene rubber
260 ## - PUBLICATION, DISTRIBUTION, ETC. (IMPRINT)
Name of publisher Kautschuk Gummi Kunststoffe
Year of publication 2010
300 ## - PHYSICAL DESCRIPTION
Number of Pages 432-435
650 ## - SUBJECT ADDED ENTRY--TOPICAL TERM
Topical Term Compression set
650 ## - SUBJECT ADDED ENTRY--TOPICAL TERM
Topical Term Hydrogenated acrylonitrile-butadiene rubber
650 ## - SUBJECT ADDED ENTRY--TOPICAL TERM
Topical Term Sealings
700 ## - ADDED ENTRY--PERSONAL NAME
Personal name Kremer K
942 ## - ADDED ENTRY ELEMENTS (KOHA)
Koha item type Journals
Holdings
Withdrawn status Lost status Damaged status Not for loan Home library Current library Shelving location Date acquired Serial Enumeration / chronology Koha item type
      Journals RRII Library RRII Library Rubber technology 08/02/2011 Volume 63, Issue 10 Journals